|
|
|
|
| LEADER |
00000cam a2200000 7i4500 |
| 001 |
0000004411 |
| 005 |
20151222.0 |
| 008 |
070726 |
| 020 |
|
|
|a 1593390351
|
| 090 |
0 |
0 |
|a ENC
|b ENG (5542)
|
| 245 |
0 |
4 |
|a The arts :
|b tour the world of imagination and creativity
|
| 260 |
|
|
|a Chicago :
|b Britannica ,
|c 2003
|
| 440 |
|
0 |
|a Britannica learning library
|
| 500 |
|
|
|a Children ages 7-9 years old (orange)
|
| 650 |
|
0 |
|a Encyclopedia
|x English
|x Languages
|
| 650 |
|
0 |
|a Reference
|
| 999 |
|
|
|a 0000895096
|b Book
|c REFERENCE
|e Cawangan Segamat
|
| 999 |
|
|
|a 0000895099
|b Book
|c Children Collection
|e Cawangan Tmn. Ungku Tun Aminah
|
| 999 |
|
|
|a 0000895100
|b Book
|c Children Collection
|e Cawangan Tmn. Ungku Tun Aminah
|
| 999 |
|
|
|a 0001019525
|b Book
|c Adult Collection
|e Cawangan Pontian
|
| 999 |
|
|
|a 0001019526
|b Book
|c Children Collection
|e Cawangan Segamat
|
| 999 |
|
|
|a 0001019532
|b Book
|c Children Collection
|e Cawangan Tangkak
|
| 999 |
|
|
|a 0001019534
|b Book
|c REFERENCE
|e Cawangan Bandar Penawar
|